00287 a2200109 4500001000700000020000600007040001100013100004300024240005300067245004800120362000900168169033 a  cMagnum aConceicao, Jose Augusto Nigro (Coord.)10aSaude escolar: a crianca, a vida e a escolalpor10aSaude escolar: a crianca, a vida e a escola0 a1899